00573nam a22001817a 45000010008000000030009000080050017000170070008000340080038000420400026000801000029001062450076001352600034002113000028002454900031002737100056003048300031003600002123DO-SdBNP20180320100923.00002123160404b 1993 dr |||| |||| 00| 0 spa d 6BPMSU8spaaBPMSUcdr 4Portorreal Morel, Mayra  aManual de prácticas de química organica /cMayra Portorreal Morel  aSanto Domingo : bUNIBEc1993 a42 p. ; bil.,c28 cm.  aTexttos universitarios v4 4Universidad Iberoamericana (República Dominicana) pTexttos universitarios v4